Escuela de robinsones / (Registro nro. 32568)
[ vista simple ]
| 000 -CABECERA | |
|---|---|
| campo fijo de control de longitud | 00814nam a22002537a 4500 |
| 001 - NÚMERO DE CONTROL | |
| campo de control | 32568 |
| 003 - IDENTIFICADOR DEL NÚMERO DE CONTROL | |
| campo de control | AR-RoBPED |
| 005 - FECHA Y HORADE LA ULTIMA TRANSACCION | |
| campo de control | 20260414131525.0 |
| 008 - ELEMENTOS DE LONGITUD FIJA--INFORMACION GENERAL | |
| campo fijo de control de longitud | 260413s1970 sp ||||er|||| 001 1 spa d |
| 040 ## - FUENTE CATALOGADORA | |
| Centro catalogador/agencia de origen | AR-RoBPED |
| 041 ## - IDIOMA | |
| Código de idioma para texto/pista de sonido o título independiente | spa |
| 100 1# - ENCABEZAMIENTO PRINCIPAL--AUTOR PERSONAL | |
| Nombre de persona | Verne, Julio, |
| Fechas nac-muerte | 1828-1905 |
| 9 (RLIN) | 6775 |
| 245 10 - TITULO | |
| Título | Escuela de robinsones / |
| Mención de responsabilidad | Julio Verne ; prólogo de Ignacio Aldecoa. |
| 260 ## - PUBLICACION | |
| Lugar | Estella [Navarra] : |
| Editor | Salvat, |
| Fecha | 1969. |
| 300 ## - DESCRIPCION FISICA | |
| Extensión | 186 p. |
| 490 0# - SERIE | |
| Mención de serie | (Biblioteca Básica Salvat ; |
| Designación de volumen o secuencia | n°54) |
| 650 #4 - TERMINO DE MATERIA--CONTROLADO | |
| Término controlado | LITERATURA |
| 9 (RLIN) | 244 |
| Término controlado | LITERATURA FRANCESA |
| 9 (RLIN) | 393 |
| Término controlado | NOVELAS DE AVENTURAS |
| 9 (RLIN) | 6351 |
| Término controlado | LITERATURA JUVENIL |
| 9 (RLIN) | 292 |
| 700 ## - ENCABEZAMIENTO SECUNDARIO--AUTOR PERSONAL | |
| Nombre de persona | Aldecoa, Ignacio |
| Fecha de nac-muerte | 1925-1969 |
| 9 (RLIN) | 30648 |
| Función | prol. |
| 942 ## - ELEMENTOS KOHA | |
| Fuente de clasificación | Universal Decimal Classification |
| Koha tipo de ítem | Libro |
| Clasificación | 840-31 |
| Signatura librística | V 52 |
| Inventario | Inv. 42321 |
| Número Koha | k. 32568 |
| 945 ## - PROCESAMIENTO DE LA INFORMACIÓN LOCAL | |
| Catalogador y fecha | ssanchez 13/04/26 - cd 14/04/2026 |
| Estado retirado | Estado perdido | Fuente de clasificación | Estado dañado | No se presta | Biblioteca propietaria | Biblioteca de reserva | Fecha de adquisición | Procedencia | Total de préstamos | Signatura topográfica completa | Código de barras (nº de inventario) | Fecha visto por última vez | Catalogador y fecha | Tipo de ítem Koha | Nota pública |
|---|---|---|---|---|---|---|---|---|---|---|---|---|---|---|---|
| Universal Decimal Classification | Biblioteca Pedagógica Eudoro Díaz | Biblioteca Pedagógica Eudoro Díaz | 27/03/2026 | Donación | 840-31 V 52 | 42321 | 13/04/2026 | ssanchez 13/04/26 | Libro | Se presta 15 días. |